| 000 | 00328 a2200133 4500 | ||
|---|---|---|---|
| 003 | Nust | ||
| 005 | 20170207154320.0 | ||
| 022 | _a9782874970221 | ||
| 040 | _cNust | ||
| 245 | _aEUROPEAN ORGANISATION FOR THE SAFETY OF AIR NAVIGATION (E-Book) | ||
| 260 | _c2012 | ||
| 300 | _a88 p | ||
| 650 | _aTelecommunications engineering - (E-BOOK) | ||
| 942 |
_2ddc _cBK |
||
| 999 |
_c196723 _d196723 |
||